000 00599nam a2200193Ia 4500
005 20250508170227.0
008 008 250505s9999 xx 000 0 eng d
037 _aDissertations
040 _aFEDL
_beng
_cFEDL
041 _aeng
_2eng
084 _a372, DEY/DI
_qFEDL
100 _aDey Sweta
_9783529
245 0 _aLunch boxes and cultural narratives: Exploring food identity and social dynamics among school childen in India
260 _c2023
300 _a64p.
546 _aM.Ed. Dissertation (Delhi University)
942 _cDIS
_h372, DEY/DI
999 _c1399911
_d1399911